[Event "GER-ch Seniors 65"]
[Site "Hamburg"]
[Date "2018.07.28"]
[Round "8"]
[White "Moews, Harald"]
[Black "Kunze, Manfred"]
[Result "1-0"]
[WhiteElo "1772"]
[BlackElo "1538"]
[PlyCount "81"]
[EventDate "2018.07.21"]
[EventType "swiss"]
[EventRounds "9"]
[EventCountry "GER"]
[SourceTitle "CBM 186 Extra"]
[Source "ChessBase"]
[SourceDate "2018.08.24"]
[SourceVersion "1"]
[SourceVersionDate "2018.08.24"]
[SourceQuality "1"]

1. e4 c5 2. d3 e5 3. c4 Nc6 4. Nc3 d6 5. Be2 h6 6. f4 exf4 7. Bxf4 Nd4 8. Nf3 Nf6 9. 0-0 a6 10. h3 Be7 11. e5 dxe5 12. Bxe5 Nxf3+ 13. Bxf3 0-0 14. Qe2 Re8 15. Ne4 Bf5 16. Rad1 Nd7 17. Bg3 Nf6 18. Kh1 Ra7 19. Qf2 Qd4 20. Qxd4 cxd4 21. Rfe1 b5 22. Nxf6+ gxf6 23. c5 Rc8 24. b4 a5 25. a3 axb4 26. axb4 Kg7 27. Re2 Bf8 28. Bf2 Ra4 29. Rb2 Ra3 30. Bb7 Rc7 31. c6 Bd6 32. Bxd4 Bxd3 33. Bb6 Re7 34. Bc8 Rc3 35. Bd7 Be5 36. Rf2 Be4 37. Bc5 Rd3 38. Rxd3 Bxd3 39. Bxe7 Bc4 40. Bd8 Be6 41. Bxe6 1-0

[Event "GER-ch Seniors 65"]
[Site "Hamburg"]
[Date "2018.07.24"]
[Round "4"]
[White "Kunze, Manfred"]
[Black "Wang, Huanying"]
[Result "1-0"]
[WhiteElo "1538"]
[BlackElo "1329"]
[PlyCount "111"]
[EventDate "2018.07.21"]
[EventType "swiss"]
[EventRounds "9"]
[EventCountry "GER"]
[SourceTitle "CBM 186 Extra"]
[Source "ChessBase"]
[SourceDate "2018.08.24"]
[SourceVersion "1"]
[SourceVersionDate "2018.08.24"]
[SourceQuality "1"]

1. c4 g6 2. Nf3 Bg7 3. Na3 Nf6 4. e3 c5 5. Be2 0-0 6. 0-0 Nc6 7. Nc2 d6 8. d4 Bf5 9. a3 Na5 10. Nce1 Qb6 11. Nh4 Bd7 12. Rb1 Nb3 13. Nc2 g5 14. Nf3 h6 15. Qd3 Bc6 16. Nd2 e5 17. Qxb3 Qd8 18. d5 Rb8 19. e4 Bd7 20. Ne3 Qc8 21. Qd1 a5 22. a4 b6 23. h3 Kh8 24. g4 Ng8 25. Nf5 Qc7 26. f3 Ne7 27. Nxe7 Bxg4 28. fxg4 Qxe7 29. Rf5 f6 30. Nf3 Rf7 31. Bd2 Bf8 32. Qb3 Rh7 33. Bxa5 Rb7 34. Bd2 h5 35. Nh2 hxg4 36. Nxg4 Bg7 37. Rbf1 Qd8 38. Kg2 Rf7 39. Bxg5 Rh5 40. Nxf6 Rxg5+ 41. Bg4 Bxf6 42. Rxg5 Bxg5 43. Rxf7 Qg8 44. Rf5 Qd8 45. Qb5 Bh6 46. Rf7 Qg5 47. Qe8+ Qg8 48. Qxg8+ Kxg8 49. Rf6 Bc1 50. b3 Kg7 51. Rxd6 Bg5 52. Rxb6 Bd8 53. Rc6 Kf7 54. a5 Ke8 55. a6 Bb6 56. Bc8 1-0

[Event "GER-chB Seniors 28th"]
[Site "Niederhausen"]
[Date "2016.08.21"]
[Round "9"]
[White "Huhn, Ulrich"]
[Black "Kunze, Manfred"]
[Result "1/2-1/2"]
[WhiteElo "1845"]
[BlackElo "1585"]
[PlyCount "41"]
[EventDate "2016.08.13"]
[EventType "swiss"]
[EventRounds "9"]
[EventCountry "GER"]
[SourceTitle "EXT 2019"]
[Source "ChessBase"]
[SourceDate "2018.10.10"]
[SourceVersion "1"]
[SourceVersionDate "2018.10.10"]
[SourceQuality "1"]

1. d4 Nf6 2. Nc3 c6 3. Bg5 e6 4. e4 Be7 5. e5 Ng8 6. Bxe7 Nxe7 7. Ne4 0-0 8. Nd6 a6 9. c3 b6 10. Nf3 c5 11. Be2 Nbc6 12. 0-0 Nd5 13. Qd2 Nce7 14. Rfe1 cxd4 15. cxd4 b5 16. h3 Nf5 17. Nxc8 Rxc8 18. Rec1 Qb6 19. Rxc8 Rxc8 20. g4 Nfe7 21. Rc1 1/2-1/2

[Event "GER-chB Seniors 28th"]
[Site "Niederhausen"]
[Date "2016.08.20"]
[Round "8"]
[White "Kunze, Manfred"]
[Black "Van Houten, Henk"]
[Result "1-0"]
[WhiteElo "1585"]
[BlackElo "1669"]
[PlyCount "55"]
[EventDate "2016.08.13"]
[EventType "swiss"]
[EventRounds "9"]
[EventCountry "GER"]
[SourceTitle "EXT 2019"]
[Source "ChessBase"]
[SourceDate "2018.10.10"]
[SourceVersion "1"]
[SourceVersionDate "2018.10.10"]
[SourceQuality "1"]

1. c4 g6 2. Nf3 Bg7 3. e3 e6 4. Be2 Ne7 5. 0-0 0-0 6. d4 d5 7. Nbd2 f5 8. Rb1 a5 9. a3 Nbc6 10. Nb3 b6 11. c5 Ba6 12. Bxa6 Rxa6 13. Qd3 Qa8 14. cxb6 cxb6 15. Na1 Rc8 16. Bd2 Qb7 17. Rbc1 h6 18. Rc2 Na7 19. Rfc1 Rxc2 20. Qxc2 Qc8 21. Qd3 Qb7 22. b4 axb4 23. Bxb4 b5 24. Nb3 Rc6 25. Rc5 Rxc5 26. Nxc5 Qc6 27. g3 Kf7 28. Ne5+ 1-0

[Event "GER-chB Seniors 28th"]
[Site "Niederhausen"]
[Date "2016.08.16"]
[Round "4"]
[White "Kunze, Manfred"]
[Black "Sefeloge, Michael"]
[Result "0-1"]
[WhiteElo "1585"]
[BlackElo "1846"]
[PlyCount "84"]
[EventDate "2016.08.13"]
[EventType "swiss"]
[EventRounds "9"]
[EventCountry "GER"]
[SourceTitle "EXT 2019"]
[Source "ChessBase"]
[SourceDate "2018.10.10"]
[SourceVersion "1"]
[SourceVersionDate "2018.10.10"]
[SourceQuality "1"]

1. c4 e6 2. Nc3 Nf6 3. Nf3 d5 4. e3 c5 5. d4 cxd4 6. exd4 dxc4 7. Bxc4 Be7 8. 0-0 0-0 9. d5 exd5 10. Nxd5 Nxd5 11. Bxd5 Qc7 12. Qb3 Nc6 13. Bd2 Qd6 14. a3 Bd7 15. Rfe1 a5 16. Bg5 h6 17. Bh4 Bxh4 18. Nxh4 Nd4 19. Qc4 Be6 20. Qxd4 Qxd5 21. Qxd5 Bxd5 22. Re5 Bc6 23. Nf5 Bd7 24. Nd6 b6 25. Re7 Be6 26. Rc1 Rad8 27. Nb7 Rd2 28. b4 axb4 29. axb4 Rb2 30. h3 Rxb4 31. Rd1 Rc8 32. Nd6 Rd8 33. Re8+ Rxe8 34. Nxe8 Rb2 35. f3 b5 36. Nc7 Bc4 37. Rc1 Kh7 38. Kh2 Be2 39. Kg3 b4 40. Nd5 b3 41. Nc3 Bd3 42. Rd1 Bc2 0-1

[Event "GER-chB Seniors 27th"]
[Site "Magdeburg"]
[Date "2015.08.22"]
[Round "8"]
[White "Kunze, Manfred"]
[Black "Kleinschmidt, Irmtraud"]
[Result "1-0"]
[WhiteElo "1640"]
[BlackElo "1445"]
[PlyCount "157"]
[EventDate "2015.08.15"]
[EventType "swiss"]
[EventRounds "9"]
[EventCountry "GER"]
[SourceTitle "EXT 2018"]
[Source "ChessBase"]
[SourceDate "2017.10.13"]
[SourceVersion "1"]
[SourceVersionDate "2017.10.13"]
[SourceQuality "1"]

1. c4 e6 2. Nc3 Nf6 3. e4 e5 4. d3 c5 5. Nf3 Nc6 6. Be2 d6 7. a3 Be7 8. 0-0 0-0 9. Rb1 Rb8 10. b4 Nd4 11. bxc5 Nxf3+ 12. Bxf3 dxc5 13. Be3 b6 14. Nd5 Nxd5 15. exd5 Bg5 16. Bxc5 Re8 17. Bb4 Be7 18. Bg4 Bxg4 19. Qxg4 Bxb4 20. axb4 Qe7 21. Rfe1 Qc7 22. h4 f6 23. h5 h6 24. Re3 Qc8 25. Qg6 Qd7 26. Rg3 Qf7 27. Qxh6 e4 28. dxe4 Rxe4 29. Rc1 Re5 30. Qg6 Qxg6 31. hxg6 Kf8 32. d6 Ke8 33. Re3 Kd7 34. Rd1 Rxe3 35. fxe3 Rc8 36. Rd4 Re8 37. e4 Re5 38. Kf2 Rg5 39. Kf3 Rxg6 40. Rd5 Rh6 41. b5 Rh1 42. Kf4 Rc1 43. Rd4 g6 44. e5 Rf1+ 45. Kg3 fxe5 46. Rg4 Rf6 47. c5 bxc5 48. Ra4 Rxd6 49. Rxa7+ Kc8 50. Kf3 c4 51. Ra4 c3 52. Rc4+ Kb7 53. Rxc3 Kb6 54. Ke4 Kxb5 55. Kxe5 Ra6 56. g4 Kb4 57. Rc8 Ra5+ 58. Kf6 Ra6+ 59. Kg5 Rd6 60. Rf8 Kc5 61. Rf6 Rd5+ 62. Kxg6 Kd4 63. g5 Ke5 64. Rf5+ Ke6 65. Rxd5 Kxd5 66. Kf7 Ke5 67. g6 Kd5 68. g7 Ke5 69. g8Q Kd4 70. Qg3 Ke4 71. Kf6 Kd5 72. Qf4 Kc5 73. Ke7 Kc6 74. Qe5 Kb7 75. Qd6 Kc8 76. Ke8 Kb7 77. Kd8 Ka7 78. Kc8 Ka8 79. Qa6# 1-0

[Event "GER-chB Seniors 27th"]
[Site "Magdeburg"]
[Date "2015.08.17"]
[Round "3"]
[White "Becker, Guenter"]
[Black "Kunze, Manfred"]
[Result "1-0"]
[WhiteElo "1837"]
[BlackElo "1640"]
[PlyCount "117"]
[EventDate "2015.08.15"]
[EventType "swiss"]
[EventRounds "9"]
[EventCountry "GER"]
[SourceTitle "EXT 2018"]
[Source "ChessBase"]
[SourceDate "2017.10.13"]
[SourceVersion "1"]
[SourceVersionDate "2017.10.13"]
[SourceQuality "1"]

1. c4 Nf6 2. g3 e5 3. Bg2 Be7 4. Nc3 c5 5. Nf3 Nc6 6. 0-0 0-0 7. e3 d6 8. d4 Bg4 9. d5 Nb4 10. a3 Na6 11. h3 Bd7 12. e4 Rb8 13. Qd3 Nc7 14. b4 b5 15. bxc5 bxc4 16. Qd1 Nb5 17. Nxb5 Bxb5 18. cxd6 Qxd6 19. Re1 Rfc8 20. a4 Ba6 21. Ba3 Qd8 22. Nxe5 Bxa3 23. Rxa3 Qd6 24. Qa1 Rb3 25. Rxb3 cxb3 26. Nc6 Qc5 27. Rc1 Qf8 28. Qb2 Bb7 29. Qxb3 Bxc6 30. Rxc6 Rb8 31. Qc2 a5 32. Qc5 Qe8 33. f3 h6 34. Qxa5 Qe5 35. Qc3 Qxg3 36. Rc8+ Kh7 37. Rxb8 Qxb8 38. Qc2 Qe5 39. Kf2 Nh5 40. a5 Qd4+ 41. Ke1 Nf4 42. e5+ g6 43. Qd2 Qg1+ 44. Bf1 Nxh3 45. d6 Qg3+ 46. Kd1 Qxf3+ 47. Be2 Qh1+ 48. Kc2 Qe4+ 49. Qd3 Qxe5 50. d7 Qc5+ 51. Qc3 Qe7 52. Bb5 Ng5 53. a6 Ne6 54. a7 Qd8 55. Qc8 Qa5 56. a8Q Qxa8 57. Qxa8 Nd4+ 58. Kd3 Nxb5 59. d8Q 1-0

[Event "GER-chB Seniors 26th"]
[Site "Bad Neuenahr"]
[Date "2014.08.05"]
[Round "1"]
[White "Lemme, Klaus"]
[Black "Kunze, Manfred"]
[Result "1-0"]
[WhiteElo "1892"]
[BlackElo "1692"]
[PlyCount "71"]
[EventDate "2014.08.05"]
[EventType "swiss"]
[EventRounds "9"]
[EventCountry "GER"]
[SourceTitle "EXT 2018"]
[Source "ChessBase"]
[SourceDate "2017.10.13"]
[SourceVersion "1"]
[SourceVersionDate "2017.10.13"]
[SourceQuality "1"]

1. e4 c5 2. Nf3 Nc6 3. Bb5 Qb6 4. Nc3 e6 5. 0-0 Nd4 6. Bc4 Nf6 7. d3 Be7 8. a3 0-0 9. Nxd4 cxd4 10. Ne2 d5 11. exd5 exd5 12. Bb3 a5 13. a4 Bd7 14. Nf4 Qc6 15. h3 Bd6 16. Qf3 Be6 17. Bd2 Rfe8 18. Ne2 Be5 19. Bf4 Nd7 20. Bxe5 Nxe5 21. Qf4 f6 22. Nxd4 Qd7 23. Nxe6 Rxe6 24. Qd4 Rd8 25. f4 Nc6 26. Qf2 Kh8 27. Rfe1 Rde8 28. Rxe6 Qxe6 29. Kf1 Qd6 30. c3 g5 31. Re1 Rxe1+ 32. Kxe1 d4 33. fxg5 fxg5 34. Qe2 Qe5 35. Qxe5+ Nxe5 36. Ke2 1-0

[Event "Wuerttemberg-ch Seniors op 26th"]
[Site "Freudenstadt"]
[Date "2014.07.22"]
[Round "7"]
[White "Kunze, Manfred"]
[Black "Pottgiesser, Ulrich"]
[Result "1/2-1/2"]
[WhiteElo "1692"]
[BlackElo "1678"]
[PlyCount "90"]
[EventDate "2014.07.16"]
[EventType "swiss"]
[EventRounds "9"]
[EventCountry "GER"]
[SourceTitle "EXT 2019"]
[Source "ChessBase"]
[SourceDate "2018.10.10"]
[SourceVersion "1"]
[SourceVersionDate "2018.10.10"]
[SourceQuality "1"]

1. c4 Nf6 2. Nf3 d5 3. cxd5 Nxd5 4. g3 c6 5. Bg2 e6 6. a3 Be7 7. 0-0 0-0 8. d3 Nd7 9. Bd2 b6 10. Nc3 Nxc3 11. Bxc3 Bf6 12. d4 Re8 13. Qc2 Qc7 14. Rad1 h6 15. e4 Bb7 16. Rd2 Rad8 17. Rfd1 c5 18. d5 Bxc3 19. Qxc3 exd5 20. exd5 Nf6 21. Nh4 Qe5 22. Qxe5 Rxe5 23. d6 Bxg2 24. Kxg2 Re4 25. f4 Re6 26. Nf5 Kf8 27. Kf3 h5 28. h3 g6 29. Nh4 Ne8 30. f5 Rexd6 31. Rxd6 Rxd6 32. Rxd6 Nxd6 33. fxg6 fxg6 34. Nxg6+ Kg7 35. Ne5 b5 36. Kf4 Kh6 37. h4 a5 38. b3 c4 39. b4 axb4 40. axb4 c3 41. Ke3 Nf5+ 42. Kd3 c2 43. Kxc2 Nxg3 44. Kd3 Nf5 45. Nf3 Kg6 1/2-1/2

[Event "GER Cup GrD Seniors 1st"]
[Site "Bad Blankenburg"]
[Date "2011.08.24"]
[Round "7"]
[White "Kunze, Manfred"]
[Black "Anlauf, Wolfgang"]
[Result "0-1"]
[WhiteElo "1419"]
[BlackElo "1447"]
[PlyCount "92"]
[EventDate "2011.08.18"]
[EventType "swiss"]
[EventRounds "7"]
[EventCountry "GER"]
[SourceTitle "CBM 144 Extra"]
[Source "ChessBase"]
[SourceDate "2011.10.28"]
[SourceVersion "1"]
[SourceVersionDate "2011.10.28"]
[SourceQuality "1"]

1. c4 e5 2. Nc3 Bb4 3. Ne4 Nf6 4. Qc2 Nc6 5. e3 d6 6. a3 Nxe4 7. Qxe4 Ba5 8. b4 Bb6 9. Ne2 f5 10. Qc2 a6 11. Bb2 0-0 12. g3 Qe7 13. Bg2 e4 14. Rc1 Ba7 15. d3 exd3 16. Qxd3 Ne5 17. Qc3 c6 18. c5 Bb8 19. Rd1 d5 20. 0-0 Nc4 21. Nd4 Be5 22. Rfe1 Bd7 23. Bf1 Nxb2 24. Qxb2 Qf6 25. Qb1 Rae8 26. a4 Re7 27. b5 Bxd4 28. Rxd4 Re4 29. Rxe4 fxe4 30. bxa6 bxa6 31. Bxa6 Ra8 32. Qb7 Qd8 33. Rb1 Qe8 34. Rb6 Rxa6 35. Rxa6 Bc8 36. Qxc6 Qxc6 37. Rxc6 Bd7 38. Rd6 Bxa4 39. Rxd5 Bb3 40. c6 Bxd5 41. c7 Bb7 42. Kf1 Kf7 43. Ke2 Ke6 44. Kd2 Kd7 45. Kc3 Kxc7 46. Kd4 Kd6 0-1

[Event "GER-ch Seniors 23rd"]
[Site "Halle"]
[Date "2011.08.11"]
[Round "7"]
[White "Kunze, Manfred"]
[Black "Dallmeier, Gerhard"]
[Result "1-0"]
[WhiteElo "1721"]
[BlackElo "1882"]
[PlyCount "99"]
[EventDate "2011.08.05"]
[EventType "swiss"]
[EventRounds "9"]
[EventCountry "GER"]
[SourceTitle "CBM 144 Extra"]
[Source "ChessBase"]
[SourceDate "2011.10.28"]
[SourceVersion "1"]
[SourceVersionDate "2011.10.28"]
[SourceQuality "1"]

1. c4 Nf6 2. Nc3 d6 3. Nf3 g6 4. g3 Bg7 5. Bg2 0-0 6. Rb1 a6 7. b4 Nbd7 8. a4 c6 9. a5 e5 10. e4 Re8 11. 0-0 b5 12. d3 Nf8 13. cxb5 cxb5 14. d4 N6d7 15. Bg5 Qc7 16. Nd5 Qb7 17. Rc1 f6 18. Nc7 Re7 19. Qb3+ Kh8 20. Nxa8 fxg5 21. Nxg5 Nf6 22. Nb6 Bf5 23. d5 Bd7 24. Rc3 h6 25. Nxd7 Qxd7 26. Bh3 Qe8 27. Ne6 Nxe4 28. Rd3 Qf7 29. f3 Ng5 30. Nxg5 hxg5 31. Be6 Nxe6 32. dxe6 Qxe6 33. Qxe6 Rxe6 34. Rc1 e4 35. fxe4 Rxe4 36. Rxd6 Rxb4 37. Rc8+ Kh7 38. Rcc6 g4 39. Rxa6 Bd4+ 40. Kf1 Be5 41. Rxg6 Rb2 42. Rxg4 b4 43. Rb6 Bc3 44. a6 Ra2 45. Rh4+ Kg7 46. Rb7+ Kg6 47. a7 Ra1+ 48. Ke2 Ra3 49. Rc4 Ra2+ 50. Ke3 1-0

[Event "GER-ch Seniors 23rd"]
[Site "Halle"]
[Date "2011.08.07"]
[Round "3"]
[White "Boehme, Erich"]
[Black "Kunze, Manfred"]
[Result "1-0"]
[WhiteElo "1934"]
[BlackElo "1721"]
[PlyCount "63"]
[EventDate "2011.08.05"]
[EventType "swiss"]
[EventRounds "9"]
[EventCountry "GER"]
[SourceTitle "CBM 144 Extra"]
[Source "ChessBase"]
[SourceDate "2011.10.28"]
[SourceVersion "1"]
[SourceVersionDate "2011.10.28"]
[SourceQuality "1"]

1. c4 e6 2. Nf3 Nf6 3. d4 c6 4. Nc3 Be7 5. e4 Bb4 6. Bd3 d6 7. 0-0 Nbd7 8. Ne2 e5 9. a3 Ba5 10. b4 Bc7 11. Bb2 b6 12. Qd2 c5 13. d5 Nf8 14. h3 Ng6 15. Nh2 Nh5 16. f4 0-0 17. f5 Ngf4 18. Nxf4 Nxf4 19. Rf3 Qg5 20. Qf2 Nxd3 21. Rxd3 Bd8 22. Rg3 Qf4 23. Qxf4 exf4 24. Rxg7+ Kh8 25. Rxf7+ Kg8 26. Rg7+ Kh8 27. Rxa7+ Bf6 28. Bxf6+ Rxf6 29. Rxa8 Rf8 30. bxc5 bxc5 31. Rb1 Kg7 32. Rbb8 1-0

[Event "GER-ch Seniors 22nd"]
[Site "Berlin"]
[Date "2010.08.24"]
[Round "9"]
[White "Kunze, Manfred"]
[Black "Ludwig, Siegfried"]
[Result "1-0"]
[WhiteElo "1540"]
[BlackElo "1377"]
[PlyCount "90"]
[EventDate "2010.08.16"]
[EventType "swiss"]
[EventRounds "9"]
[EventCountry "GER"]
[SourceTitle "CBM 138 Extra"]
[Source "ChessBase"]
[SourceDate "2010.10.29"]
[SourceVersion "1"]
[SourceVersionDate "2010.10.29"]
[SourceQuality "1"]

1. c4 e5 2. Nc3 Nf6 3. d3 b6 4. Nf3 Nc6 5. g3 Bb4 6. Bd2 0-0 7. a3 Bc5 8. e3 Re8 9. b4 Bd4 10. b5 Bxc3 11. Bxc3 Nb8 12. Bxe5 d6 13. Bc3 Bg4 14. Bg2 Nbd7 15. Qc2 Nc5 16. Nd4 Qd7 17. h3 Bf5 18. Nxf5 Qxf5 19. Rd1 Re7 20. Bxf6 gxf6 21. Qe2 Rb8 22. Qg4+ Qg5 23. d4 Na4 24. Rd3 Kh8 25. f4 Qg6 26. Qxg6 fxg6 27. Kf2 h6 28. Rb1 a5 29. bxa6 b5 30. a7 Ree8 31. axb8Q Rxb8 32. Rxb5 Rxb5 33. cxb5 Nb2 34. Rb3 Nc4 35. Rc3 d5 36. Bxd5 c6 37. Bxc6 Nd6 38. b6 f5 39. a4 g5 40. a5 Kh7 41. Bd7 Ne4+ 42. Kf3 Nxc3 43. Bxf5+ Kg7 44. b7 h5 45. b8Q g4+ 1-0

[Event "Wch Seniors 18th"]
[Site "Bad Zwischenahn"]
[Date "2008.10.30"]
[Round "3"]
[White "Haupt, Joachim"]
[Black "Kunze, Manfred"]
[Result "1-0"]
[WhiteElo "1892"]
[BlackElo "1625"]
[PlyCount "43"]
[EventDate "2008.10.28"]
[EventType "swiss"]
[EventRounds "11"]
[EventCountry "GER"]
[SourceTitle "EXT 2009"]
[Source "ChessBase"]
[SourceDate "2008.11.26"]
[SourceVersion "1"]
[SourceVersionDate "2008.11.26"]
[SourceQuality "1"]

1. e4 c5 2. c3 Nc6 3. d4 cxd4 4. cxd4 e6 5. Nc3 Bb4 6. Nf3 Nge7 7. Bd3 0-0 8. 0-0 a6 9. Ne2 Ng6 10. Nf4 d6 11. Qb3 Ba5 12. Nxg6 fxg6 13. d5 Ne5 14. Nxe5 dxe5 15. dxe6 Qe7 16. Bc4 b5 17. Bd5 Rb8 18. Bg5 Rf6 19. Rac1 Bb7 20. Bxb7 Rxb7 21. Rc8+ Bd8 22. Rxd8+ 1-0

[Event "Wuerttemberg-ch Seniors 18th"]
[Site "Freudenstadt"]
[Date "2006.05.06"]
[Round "3"]
[White "Kunze, Manfred"]
[Black "Gaertner, Hans Dietrich"]
[Result "0-1"]
[WhiteElo "1497"]
[BlackElo "1766"]
[PlyCount "82"]
[EventDate "2006.05.04"]
[EventType "swiss"]
[EventRounds "9"]
[EventCountry "GER"]
[SourceTitle "EXT 2007"]
[Source "ChessBase"]
[SourceDate "2006.11.23"]
[SourceVersion "1"]
[SourceVersionDate "2006.11.23"]
[SourceQuality "1"]

1. c4 e6 2. Nc3 f5 3. d4 c6 4. a3 d5 5. e3 Nf6 6. Nf3 Bd6 7. b4 a6 8. c5 Bc7 9. a4 0-0 10. Bb2 Ne4 11. b5 Nd7 12. b6 Bb8 13. a5 Ndf6 14. Ne2 Ng4 15. Qc2 Ngxf2 16. Rg1 Ng4 17. g3 Nxe3 18. Qd3 Nc4 19. Bc1 e5 20. Nd2 Ncxd2 21. Bxd2 Nxd2 22. Qxd2 exd4 23. Qxd4 Qe7 24. Ra3 Be5 25. Qe3 Qf6 26. Rg2 Bd7 27. Ra4 Rae8 28. Qf3 Bd4 29. g4 Bxc5 30. g5 Qb2 31. Qd3 f4 32. Qd2 Qb1+ 33. Qd1 Qxd1+ 34. Kxd1 f3 35. Rg3 fxe2+ 36. Bxe2 Rf2 37. Bh5 g6 38. Bg4 Bxg4+ 39. Raxg4 Rxh2 40. Rd3 Rhe2 41. Ra4 Rg2 0-1

[Event "Staufer Seniors op 12th"]
[Site "Schwaebisch Gmuend"]
[Date "2006.01.04"]
[Round "3"]
[White "Fels, Karl Heinz"]
[Black "Kunze, Manfred"]
[Result "1-0"]
[WhiteElo "1734"]
[BlackElo "1615"]
[PlyCount "107"]
[EventDate "2006.01.02"]
[EventType "swiss"]
[EventRounds "9"]
[EventCountry "GER"]
[SourceTitle "EXT 2007"]
[Source "ChessBase"]
[SourceDate "2006.11.23"]
[SourceVersion "1"]
[SourceVersionDate "2006.11.23"]
[SourceQuality "1"]

1. e4 c5 2. Nf3 Nc6 3. d4 cxd4 4. Nxd4 e5 5. Nb5 d6 6. N1c3 a6 7. Na3 Nf6 8. Bg5 Be6 9. Nd5 Bxd5 10. exd5 Qa5+ 11. c3 Qxd5 12. Qxd5 Nxd5 13. 0-0-0 Nb6 14. Be3 Nc8 15. f4 Be7 16. g4 0-0 17. Bg2 N8a7 18. Nc4 exf4 19. Bxf4 Rad8 20. Nxd6 Bxd6 21. Bxd6 Rfe8 22. Bc7 Rxd1+ 23. Rxd1 h6 24. Bb6 Re2 25. Rd2 Re6 26. Bxa7 Nxa7 27. Bxb7 Nb5 28. a4 Nc7 29. Rd8+ Kh7 30. Rd7 Ne8 31. Rxf7 Nd6 32. Rd7 Nxb7 33. Rxb7 Kg6 34. h4 Kf6 35. Kd2 g6 36. Kd3 Ke5 37. Rf7 a5 38. b4 axb4 39. cxb4 Kd5 40. Rd7+ Kc6 41. Rd4 Re1 42. b5+ Kb6 43. Kc4 Rh1 44. Rd6+ Kc7 45. Rxg6 Rxh4 46. Kc5 h5 47. Rg7+ Kb8 48. gxh5 Rxh5+ 49. Kb6 Rh6+ 50. Ka5 Rh5 51. Ka6 Rh4 52. a5 Rh6+ 53. b6 Kc8 54. Ka7 1-0

[Event "Bad Bevensen Seniors op 4th"]
[Site "Bad Bevensen"]
[Date "2001.06.25"]
[Round "5"]
[White "Franz, Joachim"]
[Black "Kunze, Manfred"]
[Result "1/2-1/2"]
[WhiteElo "2152"]
[BlackElo "1903"]
[PlyCount "66"]
[EventDate "2001.06.??"]
[EventType "swiss"]
[EventRounds "9"]
[EventCountry "GER"]
[SourceTitle "EXT 2006"]
[Source "ChessBase"]
[SourceDate "2005.11.24"]
[SourceVersion "1"]
[SourceVersionDate "2005.11.24"]
[SourceQuality "1"]

1. e4 c6 2. d4 d5 3. e5 Bf5 4. h4 h6 5. g4 Bg6 6. h5 Bh7 7. e6 Qd6 8. exf7+ Kxf7 9. f4 Nf6 10. Nf3 Nxg4 11. Ne5+ Nxe5 12. fxe5 Qd7 13. Bd3 Bxd3 14. Qxd3 Qg4 15. Bf4 e6 16. Bg3 Ke8 17. Nd2 Nd7 18. Rh4 Qf5 19. Qxf5 exf5 20. Rf4 Be7 21. Rxf5 Rf8 22. Rxf8+ Nxf8 23. Ke2 Ne6 24. Nf3 Kd7 25. Ke3 Rf8 26. c3 Rf5 27. Rh1 Ke8 28. Rh2 Bg5+ 29. Nxg5 Rxg5 30. Kf3 Kf7 31. Rh4 Rf5+ 32. Ke2 g6 33. hxg6+ Kxg6 1/2-1/2